00974na a2200289 450000100060000000300080000600500170001400800410003103500100007204000250008204100080010708200220011509000210013710000230015824501120018124600640029326000570035730000270041465000180044165000180045965000130047765000140049065000490050494200130055395201030056699900150066914625MIRAKIL20181213154913.0161108b tu 000 0  a14625 aMilasbturcTR-AnCHP aeng a940.54bB66l 1989 a940.54 B66l 1989 aBorisov, Alexander aLessons of the second frontbCould Europe have shared the fate of Hiroshima and NagasakicAlexander Borisov aCould Europe have shared the fate of Hiroshima and Nagasaki aMoskovabNovosti Press Agency Publishing Housec1989 a95 s.bfotğ.c18 sm. aAtom bombası aSiyasal tarih aNagasaki aHiroshima aII. Dünya Savaşı (1939-1945)xDenemeler 2ddccBKS a0001b0001d2016-08-30e2l0o940.54 B66l 1989p001451r2016-08-30 00:00:00v0.00w2016-08-30yBKS c2904d2904